00561nam a22001697a 450000500170000001000170001702000270003403500170006103700190007808200080009724501080010526000440021327000560025730000210031370000260033470000310036020240103115521.0 aB-756799-800 a9789392594366c1600.00 aB-756799-800 aSunnvik Books  a020 aPanorama of Open Access Progress, Practices and Prospects:cEdi. by Ashis Biswas and Mayuri Das Biswas  aNew Delhi bEss Ess Publications c2022 a4831/24, Ansari Road, DaryaganjbNew Delhi e110002 a301p.c25cm(Hbk) aBiwas, Ashis eAuthor aBiwas, Mayuri daseAuthor